00310nam a2200109 a 450000500170000000800410001702000180005805000180007624500500009426000360014444000200018020140412111415.0070710s19uu xx 00 eng d a0-7214-1550-4 aERbPr93 1993 aThe princess and the pea /cRobert Ayton ill. aU.S.A :bLadybird books,c1993. aFavourite tales